[Event "IRI-ch U16"]
[Site "Chess.com INT"]
[Date "2021.01.16"]
[Round "6"]
[White "Ranjbar Liavali, Mahdi"]
[Black "Ghanbarpour, Mahan"]
[Result "0-1"]
[WhiteElo "1135"]
[BlackElo "1364"]
[PlyCount "58"]
[EventDate "2021.01.16"]
[EventType "swiss"]
[EventRounds "11"]
[EventCountry "IRI"]
[SourceTitle "EXT 2022"]
[Source "ChessBase"]
[SourceDate "2021.10.06"]
[SourceVersion "1"]
[SourceVersionDate "2021.10.06"]
[SourceQuality "1"]

1. e4 c6 2. d4 d5 3. e5 Bf5 4. h4 h5 5. Nf3 e6 6. Bd3 Bxd3 7. Qxd3 Qc7 8. c3 c5 9. Bg5 Nc6 10. 0-0 cxd4 11. cxd4 Be7 12. Nc3 a6 13. Rac1 Bxg5 14. Nxg5 Nge7 15. a3 Nf5 16. Nxd5 Qd8 17. Rc5 Nxh4 18. Qe4 Ng6 19. Nxe6 fxe6 20. Qxg6+ Kf8 21. Nf4 Qe7 22. Nxe6+ Kg8 23. f4 Rh6 24. Qe4 Rxe6 25. d5 Qxc5+ 26. Kh1 Rh6 27. dxc6 Qxc6 28. Qf5 Rf8 29. Qh3 Qc4 0-1

[Event "IRI-ch U16"]
[Site "Chess.com INT"]
[Date "2021.01.16"]
[Round "3"]
[White "Rashedi, Amin"]
[Black "Ranjbar Liavali, Mahdi"]
[Result "0-1"]
[WhiteElo "1586"]
[BlackElo "1135"]
[PlyCount "82"]
[EventDate "2021.01.16"]
[EventType "swiss"]
[EventRounds "11"]
[EventCountry "IRI"]
[SourceTitle "EXT 2022"]
[Source "ChessBase"]
[SourceDate "2021.10.06"]
[SourceVersion "1"]
[SourceVersionDate "2021.10.06"]
[SourceQuality "1"]

1. c4 Nf6 2. Nc3 g6 3. e4 d6 4. d4 Bg7 5. Nf3 0-0 6. Be2 e5 7. 0-0 Nc6 8. d5 Ne7 9. Ne1 Ne8 10. Nd3 f5 11. f3 f4 12. Bd2 g5 13. Rc1 Ng6 14. c5 h5 15. cxd6 cxd6 16. Nb5 Qb6+ 17. Nf2 g4 18. a4 g3 19. Qe1 a6 20. Ba5 gxf2+ 21. Rxf2 Qxf2+ 22. Kxf2 axb5 23. Bxb5 Bf6 24. Kg1 Ng7 25. Bb4 Be7 26. Rc7 Ne8 27. Rc2 Bd8 28. Qc1 Bb6+ 29. Kh1 Be3 30. Qd1 b6 31. Bxe8 Rxe8 32. Bxd6 Rd8 33. Ba3 Rxa4 34. Rc6 Rd4 35. Qf1 Rd2 36. Rxg6+ Kf7 37. Rc6 Ba6 38. Qa1 Rf2 39. Rc8 Rxc8 40. Qg1 Rf1 41. Qxf1 Bxf1 0-1